000 00538nam a2200217Ia 4500
003 OSt
005 20220924135137.0
006 a|||||r|||| 00| 0
007 ta
008 220923b |||||||| |||| 00| 0 ben d
024 _a288661
037 _cTextual
040 _aARTS
_cARTS
_bben
041 _2ben
_aben
082 _aNR44,3MALW, 157M0
100 _aKhan Alauddin
_9209772
245 0 _aAmar katha
260 _c1980
942 _hNR44,3MALW, 157M0
_cTEXL
_2CC
999 _c439744
_d439744